| 000 | 00360nam a2200145 a 4500 | ||
|---|---|---|---|
| 001 | 4973 | ||
| 003 | CDMR | ||
| 005 | 20130320114801.0 | ||
| 008 | 130130s1987||||||||||||||||||||||||||||d | ||
| 040 |
_aCDMR _bcat _cCPC LLEIDA |
||
| 110 |
_9363 _aLleida _b -- Ajuntament |
||
| 245 | 0 | _aL'art o l'avantguarda a Lleida | |
| 260 |
_aLleida _c1987 _bPagès |
||
| 942 |
_cMON _2ddc |
||
| 999 |
_c4973 _d4973 |
||